• 首页
  • 本馆介绍
  • 公告通知
  • 最新文献
  • 馆藏检索
  • 电子资源
  • 读者导购
  • 参考咨询
  • 我的图书馆
  • 登录
  • 详细信息显示
  • 放入我的书架
  • 预约/预借图书
  • 作者相关作品
  • 分类相关作品
  • 丛书相关作品
  • 出版社相关作品

书目信息

  • 表格格式
  • 工作单格式
  • 卡片格式
题名:
奥斯卡歌曲
    
 
作者: 薛范 , 黄大岗 编
分册:  
出版信息: 北京   人民音乐出版社  2002
页数: 462页
开本: 21cm
丛书名:
单 册:
中图分类: J652.4
科图分类:
主题词: 电影歌曲--世界--现代--选集 , CT--S015355--电影歌曲
电子资源:
ISBN: 7-103-02290-9
000 00796nam0 2200253 45
001 012002021527
005 20070801150056.07
010    @a7-103-02290-9@dCNY22.80
100    @a20020305d2002 em y0chiy0110 ea
101 0  @achi@aeng
102    @aCN@b110000
105    @ag z 000yy
200 1  @a奥斯卡歌曲@9ao si ka ge qu@f薛范,黄大岗编
210    @a北京@c人民音乐出版社@d2002
215    @a462页@d21cm
300    @a附英文歌词
330    @a本书收《我要架真飞机》、《隐秘的爱》、《人生良辰》、《费城的街道》等176首奥斯卡歌曲,每首后附有英文歌词。
606 0  @a电影歌曲@y世界@z现代@j选集
606 0  @2CT@3S015355@a电影歌曲
690    @aJ652.4@v4
701  0 @a薛范@9xue fan@4编
701  0 @a黄大岗@9huang da gang@4编
801    @aCN@bTSTC@c20070801
905    @b325932-934@dJ652.4@e286@f3
    
    奥斯卡歌曲/薛范,黄大岗编.-北京:人民音乐出版社,2002
    462页;21cm
    附英文歌词
    
    ISBN 7-103-02290-9:CNY22.80
    本书收《我要架真飞机》、《隐秘的爱》、《人生良辰》、《费城的街道》等176首奥斯卡歌曲,每首后附有英文歌词。
●
相关链接 在E读中查询图书 在五车中查询图书 在当当中查询图书 在豆瓣中查询图书


正题名:奥斯卡歌曲     索取号:J652.4/286         预约/预借

序号 登录号 条形码 馆藏地/架位号 状态 备注
1 0325932   203259320   第一借阅区/ [索取号:J652.4/286] 在馆    
2 0325933   203259339   第一借阅区/ [索取号:J652.4/286] 在馆    
3 0325934   203259348   第一样本阅览室/ [索取号:J652.4/286] 在馆    
4 0801183   208011836   第一借阅区/ [索取号:J652.4/286] 在馆    
5 0801184   208011845   第一借阅区/ [索取号:J652.4/286] 在馆    
6 0801185   208011854   第一借阅区/ [索取号:J652.4/286] 在馆    
7 0801186   208011863   第一借阅区/ [索取号:J652.4/286] 在馆    
8 0801187   208011872   密集书库-音乐系/ [索取号:J652.4/286] 在馆    
唐山师范学院图书馆 欢迎您!
大连网信软件有限公司© 版权所有